Introduction to semiconductor materials and devices /

Gespeichert in:
Bibliographische Detailangaben
1. Verfasser: Tyagi, M.S (Verfasst von)
Format: Buch
Sprache:Englisch
Veröffentlicht: New York : John Wiley & Sons, 1991
Schlagworte:
Tags: Tag hinzufügen
Keine Tags, Fügen Sie das erste Tag hinzu!

MARC

LEADER 00000nam a22000003a 4500
001 stu2774
005 20190206124354.7
008 921216s1991----xxu-----------------eng-d
020 |a 0-471-51772-0 
040 |a STU  |b slo 
041 0 |a eng 
044 |a xxu 
080 |a 621.382 
080 |a 538.9  |7 stu_us_auth*stu7967 
100 1 |a Tyagi, M.S  |4 aut 
245 1 |a Introduction to semiconductor materials and devices /  |c [aut.] Tyagi,M.S 
260 |a New York :  |b John Wiley & Sons,  |c 1991 
300 |a 669 s 
650 7 |a polovodičové súčiastky  |2 stusub 
650 7 |a polovodičové zariadenia  |2 stusub 
650 7 |a fyzika polovodičov  |2 stusub 
650 7 |a p-n prechody  |2 stusub 
650 7 |a optoelektronické súčiastky  |2 stusub 
650 7 |a bipolárne tranzistory  |2 stusub 
650 7 |a MOS tranzistory  |2 stusub 
650 7 |a IC  |2 stusub 
650 7 |a FET  |2 stusub 
996 |b E77567  |c E*77567  |l EE11  |s P  |a 0  |w stu2774_0001